Pivo bojuje o prvenstvo s vínom
Európania pijú alkoholické nápoje s rôznou frekvenciou v závislosti od krajiny, z ktorej pochádzajú. Konzumácia alkoholu v Európe a v USA - prieskum. Všeobecne rastie obľuba vína.
Salvato in:
| Natura: | Capitolo di libro |
|---|---|
| Lingua: | slovacco |
| Soggetti: | |
| Tags: |
Nessun Tag, puoi essere il primo ad aggiungerne!!
|
MARC
| LEADER | 00000naa$a2200000$$$4500 | ||
|---|---|---|---|
| 001 | 0091619 | ||
| 005 | 20231128093917.2 | ||
| 041 | 0 | |a slo | |
| 044 | |a SK | ||
| 245 | 1 | 0 | |a Pivo bojuje o prvenstvo s vínom |
| 520 | |a Európania pijú alkoholické nápoje s rôznou frekvenciou v závislosti od krajiny, z ktorej pochádzajú. Konzumácia alkoholu v Európe a v USA - prieskum. Všeobecne rastie obľuba vína. | ||
| 610 | 2 | 0 | |a pivo |
| 610 | 2 | 0 | |a víno |
| 610 | 2 | 0 | |a spotreba |
| 610 | 2 | 0 | |a Európa |
| 610 | 2 | 0 | |a USA |